000 00331nam a2200133Ia 4500
008 230511s1963 xx 000 0 und d
041 _aeng
082 _a348.041
100 _aRatanlal Ranchodas
245 _aBombay Law Reporter
260 _aMumbai
_bBombay Law Reporter
_c1963
300 _a929
906 _aHigh Court Cases
999 _c346331
_d346331